Дело по прошению помощника Людвига Корсака о допущении его к выборам лиц, замещаемых в конвикт Виленской гимназии на фундуш его ...

Доступно только в Электронных читальных залах Найти на картеНа карте
RUSMARC
00003801nmc2a22000003x 450
001cd2a4c6c-db1b-45fc-aa72-678512c177b7
00520191029204131.0
100##$a20180608l18831886k l0rusy0189 ca
1010#$arus
102##$aRU
2001#$aДело по прошению помощника Людвига Корсака о допущении его к выборам лиц, замещаемых в конвикт Виленской гимназии на фундуш его предка Ивана Корсака
$j3 октября 1883 г. - 20 января 1886 г.
251##$cДело
300##$aДело
801#0$aRU
$bРГИА
$c20180608
$gRCR
801#1$aRU
$bГлавНИВЦ
$c20180608
$2rusmarc
801#2$aRU
$bПБ им. Б.Н. Ельцина
$c20191029
$gRCR
$2rusmarc
850##$aРГИА
852##$aРГИА
$eФедеральное казенное учреждение "Российский государственный исторический архив" (РГИА)
$j119
937##$hРГИА
$d12230843
$aASBIBLIO_SCAN
462#0$10013f08f965-f02b-4101-ba00-0f1be0188a04
$12001
$aДела разряда средних учебных заведений Департамента народного просвещения за 1883-1897 гг.
$1251
$cОпись
$1852
$j165
461#0$1001a74412a3-3cc5-4d21-8f0a-dfe2fbd9e72d
$12001
$aДепартамент народного просвещения Министерства народного просвещения (1803-1917)
$1251
$cФонд
$1852
$j733
215##$a13 л.
$d36,5х26 см
371##$aДокумент не является опубликованным и широко распространяемым
105##$ay###
1222#$ad
035##$acd2a4c6c-db1b-45fc-aa72-678512c177b7
856##$uhttp://readingroom.main.prlib.ru/item.aspx?id_node=n134015869&mode=full
Формат отображения